Nouveau sans frontieres 3

Guardat en:
Dades bibliogràfiques
Format: Llibre
Publicat: 1992
Etiquetes: Afegir etiqueta
Sense etiquetes, Sigues el primer a etiquetar aquest registre!
Thư viện lưu trữ: Mạng thư viện Đại học Đà Nẵng
LEADER 00419nam a22001811a 4500
001 000036492
003 12787
005 20160408151549.0
008 160408s1992 000
082 |a 4P(07) 245 
245 |a Nouveau sans frontieres 3 
260 |c 1992 
OWN |a LNN 
999 |a From the UDN01 
TYP |a Monograph 
980 |a Mạng thư viện Đại học Đà Nẵng